000 00403nam a2200121Ia 4500
008 231221s9999 xx 000 0 und d
041 _aEnglish
082 _aQPECPG12-5433
245 0 _aAntenna Theory and Design [e resource : question paper] : MTech degree exam, Jun 12 (10EC011)
260 _c2012/06
_bVTU
_aBangalore
650 _aAntenna,[e,paper],MTech,degree,exam,,Jun,12,(10EC011)
942 _cDL
999 _c215524
_d215524